000 00242nam a2200097Ia 4500
005 20251222114343.0
008 251222s1900||||xx |||||||||||||| ||spa||
082 _aDVD0070/M86/2006
245 0 _aCiudad de los hombres:Cidade dos homens
942 _cDVD
999 _c945
_d945